000 00242nam a2200097Ia 4500
001 1199046
005 20250827021856.0
008 250824s9999 xx 000 0 und d
245 0 _aVE AYNA KIRILDI
_cAGATHA CHRISTIE
260 _bALTIN KİTAPLAR
999 _c1199046
_d1199046